00394 2200157 4500001002100000005001500021035002000036245004600056300001700102260004500119082000800164084001200172020001800184600000800202990002600210INLIS00000000000090920260326083156 a0010-0326000020 aSaya Pilih Sehat & Sembuh /cTan Shot Yen a173 ;c20 cm aJakarta :bGramedia Pustaka Utama,c2023 a613 a613 SAY a978602064282604aTan a2023/SMKMIRI/2835/001